[Event "Intermat 31st (online)"]
[Site "chess.com"]
[Date "2022.04.23"]
[Round "2.25"]
[White "Trenton, Isaac"]
[Black "King, George"]
[Result "1-0"]
[WhiteElo "1884"]
[BlackElo "1753"]
[PlyCount "69"]
[EventDate "2022.04.23"]
[EventType "match"]
[EventRounds "2"]
[EventCountry "CAN"]
[WhiteTeam "BC"]
[BlackTeam "WA"]

1. e4 c6 2. d4 d5 3. f3 dxe4 4. fxe4 e5 5. Nf3 Bg4 6. Bc4 Nd7 7. O-O Ngf6 8. c3
Bd6 9. Be3 O-O 10. Nbd2 Qc7 11. h3 Bh5 12. Qe1 Rae8 13. Bd3 Bg6 14. Qb1 exd4
15. cxd4 Bf4 16. Bf2 Nh5 17. b4 Ng3 18. Re1 Nf6 19. e5 Nd5 20. Bxg6 fxg6 21.
Qb3 Kh8 22. a4 Qe7 23. b5 Qb4 24. Qxb4 Nxb4 25. bxc6 bxc6 26. Bxg3 Bxg3 27.
Rec1 Bf4 28. Rc4 a5 29. Nb3 Be3+ 30. Kh1 Nd3 31. Rxc6 Nf2+ 32. Kh2 Bf4+ 33. g3
Be3 34. Kg2 Nxh3 35. Rc3 1-0

[Event "Intermat 31st (online)"]
[Site "chess.com"]
[Date "2022.04.23"]
[Round "2.26"]
[White "Shinn, Jungmin"]
[Black "Singh, Aditya"]
[Result "0-1"]
[WhiteElo "2126"]
[BlackElo "1682"]
[PlyCount "54"]
[EventDate "2022.04.23"]
[EventType "match"]
[EventRounds "2"]
[EventCountry "CAN"]
[WhiteTeam "BC"]
[BlackTeam "WA"]

1. f3 d5 2. Kf2 e5 3. e3 Nf6 4. Ne2 Nc6 5. g3 Be6 6. Bg2 h5 7. d4 h4 8. dxe5
Nxe5 9. Rf1 Qd7 10. Nf4 O-O-O 11. Nxe6 Qxe6 12. Nc3 Neg4+ 13. fxg4 Nxg4+ 14.
Ke1 Nxh2 15. Qd3 Bd6 16. Rf5 Bxg3+ 17. Ke2 g6 18. Rxd5 Qg4+ 19. Kd2 Be1+ 20.
Kxe1 Qxg2 21. e4 Nf3+ 22. Kd1 c6 23. Bf4 Qg1+ 24. Ke2 Qg2+ 25. Kd1 g5 26. Bd6
cxd5 27. Nb5 Qd2+ 0-1

[Event "Jack Taylor mem."]
[Site "Sidney CAN"]
[Date "2022.10.14"]
[Round "1.1"]
[White "Yang, Jingyun (Ryan)"]
[Black "Williamson, Jason"]
[Result "0-1"]
[WhiteElo "2247"]
[BlackElo "1803"]
[PlyCount "96"]
[EventDate "2022.10.14"]
[EventType "swiss"]
[EventRounds "5"]
[EventCountry "CAN"]

1. Nf3 Nf6 2. g3 g6 3. Bg2 Bg7 4. O-O d5 5. d3 c5 6. Nbd2 Nc6 7. c4 O-O 8. Nb3
b6 9. Bf4 Bb7 10. Qc1 Re8 11. Ne5 Nh5 12. Bxd5 Nxf4 13. gxf4 Bxe5 14. fxe5 Qd7
15. Qf4 e6 16. Bxc6 Qxc6 17. f3 Rad8 18. Kf2 a5 19. h4 Qc7 20. a4 f6 21. Qxf6
Rf8 22. Qxe6+ Kh8 23. Nd2 Bc8 24. Qf6+ Rxf6 25. exf6 Qh2+ 26. Ke3 Bf5 27. Ne4
Qe5 28. Rab1 Re8 29. Kd2 Bxe4 30. fxe4 Rf8 31. f7 Kg7 32. Rf3 Rxf7 33. Re3 Qd4
34. e5 Qf4 35. Rh1 Re7 36. Rhh3 Rxe5 37. Rhf3 Qh6 38. h5 Rxe3 39. Rxe3 Qf4 40.
hxg6 hxg6 41. b4 axb4 42. a5 bxa5 43. d4 cxd4 44. c5 Qxe3+ 45. Kc2 b3+ 46. Kb2
Qc3+ 47. Ka3 b2+ 48. Ka2 Qc2 0-1

[Event "Jack Taylor mem."]
[Site "Sidney CAN"]
[Date "2022.10.14"]
[Round "1.2"]
[White "Leong, Aiden"]
[Black "McLaren, Brian"]
[Result "0-1"]
[WhiteElo "1769"]
[BlackElo "2044"]
[PlyCount "100"]
[EventDate "2022.10.14"]
[EventType "swiss"]
[EventRounds "5"]
[EventCountry "CAN"]

1. e4 Nf6 2. e5 Nd5 3. d4 d6 4. c4 Nb6 5. exd6 cxd6 6. Nc3 g6 7. h3 Bg7 8. Nf3
O-O 9. Be2 Nc6 10. Bf4 e5 11. Bg5 f6 12. Be3 f5 13. dxe5 dxe5 14. c5 Nd7 15.
Qb3+ Kh8 16. Bg5 Qa5 17. Qb5 Qxb5 18. Bxb5 e4 19. Nd2 Nxc5 20. O-O Ne6 21. Bxc6
Nxg5 22. Ba4 Be6 23. Rfd1 a6 24. Bb3 Rfd8 25. Bxe6 Nxe6 26. Nb3 Kg8 27. a4 Kf7
28. Kf1 Rxd1+ 29. Rxd1 Rd8 30. Rxd8 Nxd8 31. Ke2 Ke6 32. Kd2 Kd6 33. Kc2 Ne6
34. Ne2 b6 35. Kb1 Nc5 36. Nxc5 Kxc5 37. Kc2 Bd4 38. f3 g5 39. Ng3 e3 40. Nxf5
e2 41. Kd2 Bxb2 42. Kxe2 Kb4 43. Kd3 Kxa4 44. Kc2 Be5 45. h4 gxh4 46. Nxh4 b5
47. Nf5 b4 48. g3 b3+ 49. Kb1 Kb4 50. f4 Bc3 0-1

[Event "Jack Taylor mem."]
[Site "Sidney CAN"]
[Date "2022.10.14"]
[Round "1.3"]
[White "Zhu, Brandon"]
[Black "De Oliveira, Nicolau Machado"]
[Result "1-0"]
[WhiteElo "2088"]
[BlackElo "1754"]
[PlyCount "77"]
[EventDate "2022.10.14"]
[EventType "swiss"]
[EventRounds "5"]
[EventCountry "CAN"]

1. Nf3 Nf6 2. d4 e6 3. Bf4 d5 4. e3 Bd6 5. Bd3 Nc6 6. c3 Ne7 7. Ne5 Ng6 8. Bg3
Qe7 9. f4 Bd7 10. b4 Ne4 11. Qc2 f5 12. a4 c6 13. a5 a6 14. Nd2 Bxe5 15. dxe5
h5 16. Nb3 h4 17. Bf2 O-O-O 18. O-O Nf8 19. c4 g5 20. b5 g4 21. bxa6 g3 22. Be1
gxh2+ 23. Kh1 Be8 24. cxd5 exd5 25. Bxe4 dxe4 26. axb7+ Qxb7 27. Nc5 Qa7 28.
Rb1 Rh7 29. a6 Rd5 30. Bb4 h3 31. g3 Bh5 32. Rb2 Nd7 33. Nxd7 Kxd7 34. Rc1 Qxa6
35. Ra2 Qb7 36. Ra7 Bf3+ 37. Kxh2 Qxa7 38. Qxc6+ Kd8 39. Qc8# 1-0

[Event "Jack Taylor mem."]
[Site "Sidney CAN"]
[Date "2022.10.14"]
[Round "1.4"]
[White "Russell, Wesley"]
[Black "Mohammed Qanee, Arpak Worya"]
[Result "1/2-1/2"]
[WhiteElo "1749"]
[BlackElo "2073"]
[PlyCount "56"]
[EventDate "2022.10.14"]
[EventType "swiss"]
[EventRounds "5"]
[EventCountry "CAN"]

1. e4 e6 2. d4 d5 3. exd5 exd5 4. Bd3 c5 5. c3 c4 6. Bc2 Bd6 7. Nf3 Ne7 8. Bg5
f6 9. Bh4 Nf5 10. Bg3 Qe7+ 11. Qe2 Qxe2+ 12. Kxe2 Bxg3 13. hxg3 Kf7 14. g4 Nd6
15. g5 Bf5 16. Bxf5 Nxf5 17. gxf6 gxf6 18. Na3 h5 19. Nc2 Nc6 20. Ne3 Rae8 21.
Kd2 Nce7 22. Rae1 Nd6 23. Rh2 Ne4+ 24. Ke2 Rd8 25. Reh1 Kg6 26. g4 Rd6 27.
gxh5+ Kf7 28. Rh4 Rb6 1/2-1/2

[Event "Jack Taylor mem."]
[Site "Sidney CAN"]
[Date "2022.10.15"]
[Round "2.1"]
[White "Williamson, Jason"]
[Black "Zhu, Brandon"]
[Result "1-0"]
[WhiteElo "2088"]
[BlackElo "1803"]
[PlyCount "103"]
[EventDate "2022.10.14"]
[EventType "swiss"]
[EventRounds "5"]
[EventCountry "CAN"]

1. e4 e5 2. Nf3 Nc6 3. Bb5 Nf6 4. d3 Ne7 5. O-O c6 6. Bc4 Ng6 7. Re1 Be7 8.
Nbd2 O-O 9. Nf1 Qc7 10. Ng3 d5 11. exd5 cxd5 12. Bb3 h6 13. c3 Be6 14. Bc2 Rac8
15. a4 b6 16. Qe2 Bd6 17. Bd2 Rfe8 18. Rad1 Bg4 19. h3 Bd7 20. Nh2 e4 21. Nhf1
Bc6 22. dxe4 dxe4 23. Nf5 Bf8 24. N1g3 Nf4 25. Bxf4 Qxf4 26. Qe3 Qe5 27. Qd4
Qe6 28. Qd2 Rcd8 29. Nd4 Qc8 30. Ngf5 Qc7 31. Qc1 Bb7 32. Nb5 Qe5 33. Nbd4 Qb8
34. Qb1 a6 35. Ng3 e3 36. Ngf5 exf2+ 37. Kxf2 Qh2 38. Nf3 Bc5+ 39. N5d4 Bxf3
40. Rxe8+ Rxe8 41. Kxf3 Bd6 42. Kf2 Bg3+ 43. Kf3 Bf4 44. Nf5 Re3+ 45. Nxe3 g5
46. Nf1 Qg1 47. Bf5 h5 48. Qd3 Kg7 49. Ne3 Qh2 50. Nf1 Qg1 51. Qd4 Qh1 52. Ng3
1-0

[Event "Jack Taylor mem."]
[Site "Sidney CAN"]
[Date "2022.10.15"]
[Round "2.2"]
[White "McLaren, Brian"]
[Black "Allan, Phil"]
[Result "1-0"]
[WhiteElo "2044"]
[BlackElo "1730"]
[Annotator "roger"]
[PlyCount "100"]
[EventDate "2022.10.14"]
[EventType "swiss"]
[EventRounds "5"]
[EventCountry "CAN"]

1. e4 d5 2. exd5 Nf6 3. Nc3 Nxd5 4. Qf3 e6 5. Bc4 c6 6. Nge2 Be7 7. d4 Nd7 8.
a3 N7f6 9. Bd2 O-O 10. O-O a5 11. Rfe1 b5 12. Bd3 Rb8 13. Ne4 Qb6 14. c3 c5 15.
dxc5 Bxc5 16. Nxc5 Qxc5 17. b4 axb4 18. axb4 Qd6 19. Nd4 Bd7 20. Qg3 Qxg3 21.
hxg3 Rfc8 22. Rec1 e5 23. Nb3 Ra8 24. f3 Rxa1 25. Nxa1 Nh5 26. Kf2 Nb6 27. Nb3
Na4 28. Rc2 Nf6 29. c4 bxc4 30. Rxc4 Rxc4 31. Bxc4 Nb6 32. Bd3 Nfd5 33. Na5 Kf8
34. Nc4 Nxc4 35. Bxc4 Bc6 36. Ke2 Nc7 37. Be3 f6 38. Bc5+ Ke8 39. Kd3 Nb5 40.
g4 Kd7 41. Bg8 Nd6 42. Bxd6 Kxd6 43. Bxh7 Bb5+ 44. Ke3 Be8 45. Be4 Bb5 46. Bd3
Ba4 47. Bc4 Bd7 48. Kd3 f5 49. gxf5 Bxf5+ 50. Ke3 g5 {x moves} 1-0

[Event "Jack Taylor mem."]
[Site "Sidney CAN"]
[Date "2022.10.15"]
[Round "2.3"]
[White "Jiang, William"]
[Black "Patterson, Roger"]
[Result "1/2-1/2"]
[WhiteElo "1607"]
[BlackElo "2009"]
[PlyCount "46"]
[EventDate "2022.10.14"]
[EventType "swiss"]
[EventRounds "5"]
[EventCountry "CAN"]

1. e4 c5 2. Nf3 e6 3. Nc3 a6 4. d4 cxd4 5. Nxd4 d6 6. Be2 Nf6 7. O-O Be7 8. Be3
O-O 9. f4 Qc7 10. g4 Nc6 11. g5 Nxd4 12. Qxd4 Nd7 13. f5 Re8 14. Bh5 Ne5 15.
Bf4 Bf8 16. fxe6 Bxe6 17. Nd5 Bxd5 18. Qxd5 g6 19. Be2 Rac8 20. b3 Qc5+ 21.
Qxc5 Rxc5 22. Bd3 Bg7 23. Rab1 Rd8 1/2-1/2

[Event "Jack Taylor mem."]
[Site "Sidney CAN"]
[Date "2022.10.15"]
[Round "2.4"]
[White "Cruz, Tyler"]
[Black "Liu, Zachary"]
[Result "0-1"]
[WhiteElo "1460"]
[BlackElo "1934"]
[PlyCount "106"]
[EventDate "2022.10.14"]
[EventType "swiss"]
[EventRounds "5"]
[EventCountry "CAN"]

1. e4 c5 2. Nf3 Nc6 3. d4 cxd4 4. Nxd4 Nf6 5. Nc3 e5 6. Ndb5 d6 7. Bg5 a6 8.
Na3 b5 9. Nd5 Be7 10. Bxf6 Bxf6 11. c3 O-O 12. Nc2 Rb8 13. h4 Ne7 14. Nce3 Bb7
15. Nxf6+ gxf6 16. Nf5 Nxf5 17. exf5 d5 18. Qg4+ Kh8 19. O-O-O Qb6 20. Qe2 Rfc8
21. Kb1 b4 22. cxb4 Qxb4 23. Rh3 d4 24. Rb3 Qa4 25. Ra3 Qxa3 26. bxa3 Bf3+ 27.
Ka1 Bxe2 28. Bxe2 Rc2 29. Bxa6 Ra8 30. Bb7 Rxa3 31. Bd5 Rxf2 32. h5 h6 33. Bxf7
d3 34. Bd5 d2 35. Kb2 Rd3 36. Bf3 Re3 37. Kc2 e4 38. Rxd2 Rxd2+ 39. Kxd2 Ra3
40. Bxe4 Rxa2+ 41. Ke3 Ra4 42. Bc6 Rb4 43. Be8 Kg7 44. Kf3 Kf8 45. Bg6 Ke7 46.
g4 Kd6 47. Kg3 Ke5 48. Bf7 Ra4 49. Be8 Ra3+ 50. Kh4 Kf4 51. Bb5 Rg3 52. Be2 Rg2
53. Bd1 Rh2# 0-1

[Event "Jack Taylor mem."]
[Site "Sidney CAN"]
[Date "2022.10.15"]
[Round "3.1"]
[White "Liu, Zachary"]
[Black "McLaren, Brian"]
[Result "1/2-1/2"]
[WhiteElo "1934"]
[BlackElo "2044"]
[PlyCount "86"]
[EventDate "2022.10.14"]
[EventType "swiss"]
[EventRounds "5"]
[EventCountry "CAN"]

1. e4 Nf6 2. Nc3 d5 3. exd5 Nxd5 4. Bc4 c6 5. Nf3 Bg4 6. Ne4 Nd7 7. d4 Bf5 8.
Ng3 Bg6 9. c3 e6 10. Qe2 Be7 11. Bd2 Qc7 12. h4 h6 13. h5 Bh7 14. Ne5 Nxe5 15.
dxe5 Nb6 16. Bb3 Nd7 17. f4 Nc5 18. Qg4 O-O-O 19. Be3 Nd3+ 20. Ke2 Kb8 21. Rab1
Rhg8 22. Qf3 g5 23. hxg6 Bxg6 24. Ne4 Bf5 25. Kf1 Bg4 26. Qg3 Be2+ 27. Kxe2
Rxg3 28. Nxg3 Bc5 29. Bxc5 Nxc5 30. Bc2 f5 31. b4 Qg7 32. Rh3 Ne4 33. Nxe4 fxe4
34. Bxe4 Qc7 35. Rd3 Rxd3 36. Bxd3 Qg7 37. Kf3 h5 38. Be4 h4 39. Ke3 Qg3+ 40.
Bf3 a6 41. c4 Qg6 42. Be4 Qg3+ 43. Bf3 Qg6 1/2-1/2

[Event "Jack Taylor mem."]
[Site "Sidney CAN"]
[Date "2022.10.15"]
[Round "3.2"]
[White "Patterson, Roger"]
[Black "Williamson, Jason"]
[Result "1/2-1/2"]
[WhiteElo "2009"]
[BlackElo "1803"]
[PlyCount "34"]
[EventDate "2022.10.14"]
[EventType "swiss"]
[EventRounds "5"]
[EventCountry "CAN"]

1. c4 e5 2. Nf3 Nc6 3. Nc3 Nf6 4. e3 Bb4 5. Nd5 e4 6. Nxb4 Nxb4 7. Nd4 c5 8.
Nf5 O-O 9. a3 Nc6 10. Nd6 Qe7 11. Nxc8 Raxc8 12. d4 exd3 13. Bxd3 Ne5 14. Be2
Qe6 15. Qc2 d5 16. cxd5 Qxd5 17. O-O Rfd8 1/2-1/2

[Event "Jack Taylor mem."]
[Site "Sidney CAN"]
[Date "2022.10.15"]
[Round "3.3"]
[White "Aljo, Johan"]
[Black "Mohammed Qanee, Arpak Worya"]
[Result "1/2-1/2"]
[WhiteElo "1666"]
[BlackElo "2073"]
[PlyCount "28"]
[EventDate "2022.10.14"]
[EventType "swiss"]
[EventRounds "5"]
[EventCountry "CAN"]

1. d4 Nf6 2. c4 e6 3. Nf3 d5 4. g3 c6 5. Bg2 Nbd7 6. Qc2 Bd6 7. O-O O-O 8. Nbd2
Re8 9. e4 e5 10. cxd5 cxd5 11. dxe5 Nxe5 12. Nxe5 Bxe5 13. exd5 Nxd5 14. Nc4
Nb4 1/2-1/2

[Event "Jack Taylor mem."]
[Site "Sidney CAN"]
[Date "2022.10.15"]
[Round "3.4"]
[White "Wu, Nathan"]
[Black "Jiang, William"]
[Result "1-0"]
[WhiteElo "1848"]
[BlackElo "1607"]
[PlyCount "121"]
[EventDate "2022.10.14"]
[EventType "swiss"]
[EventRounds "5"]
[EventCountry "CAN"]

1. d4 Nf6 2. Bf4 g6 3. Nc3 Bg7 4. e4 d6 5. Qd2 O-O 6. Bh6 c5 7. d5 a6 8. h4 Qd7
9. f3 e6 10. O-O-O b5 11. Bxg7 Kxg7 12. h5 Bb7 13. hxg6 fxg6 14. dxe6 Qxe6 15.
Qh6+ Kg8 16. Nh3 Nbd7 17. Qd2 b4 18. Nd5 Bxd5 19. Nf4 Qe5 20. Nxd5 Nxd5 21. Bc4
N7b6 22. Bxd5+ Nxd5 23. Qxd5+ Qxd5 24. Rxd5 Rad8 25. Rhd1 Rf6 26. Rxc5 Re6 27.
Rc6 a5 28. Ra6 Re5 29. Raxd6 Rxd6 30. Rxd6 Rg5 31. Rd2 h5 32. c3 bxc3 33. bxc3
Kf7 34. Kc2 Ke6 35. c4 h4 36. Kc3 Kf6 37. Kd4 Ke6 38. c5 Kd7 39. e5 Ke6 40. Re2
Kd7 41. Kd5 Kc7 42. c6 a4 43. a3 Rf5 44. Re4 h3 45. gxh3 Rxf3 46. Rxa4 Rd3+ 47.
Ke6 Rxh3 48. Rg4 Rxa3 49. Rxg6 Kxc6 50. Kf7+ Kc7 51. e6 Rf3+ 52. Ke7 Rh3 53.
Rg7 Rh8 54. Rf7 Kc6 55. Rf2 Rh7+ 56. Kf6 Rh6+ 57. Kf7 Rh7+ 58. Kg6 Re7 59. Kf6
Kd6 60. Rd2+ Kc7 61. Kxe7 1-0

[Event "Jack Taylor mem."]
[Site "Sidney CAN"]
[Date "2022.10.16"]
[Round "4.1"]
[White "McLaren, Brian"]
[Black "Wu, Nathan"]
[Result "1/2-1/2"]
[WhiteElo "2044"]
[BlackElo "1848"]
[PlyCount "115"]
[EventDate "2022.10.14"]
[EventType "swiss"]
[EventRounds "5"]
[EventCountry "CAN"]

1. e4 d5 2. exd5 Qxd5 3. Qf3 Nf6 4. Nc3 Qxf3 5. Nxf3 c6 6. Bc4 Bf5 7. d3 e6 8.
O-O Bd6 9. a4 Nbd7 10. a5 a6 11. Re1 O-O 12. Nh4 Bg6 13. Nxg6 hxg6 14. Bd2 Rad8
15. f3 Nd5 16. Ne4 Be7 17. Bg5 Bxg5 18. Nxg5 Rfe8 19. Ne4 Rb8 20. Kf2 N5f6 21.
Ra3 Nxe4+ 22. fxe4 Ne5 23. Ba2 Red8 24. h3 c5 25. Ke3 Rbc8 26. Rd1 Rd6 27. Ra4
Kf8 28. c3 Nc6 29. Bb3 Rc7 30. d4 cxd4+ 31. cxd4 Ne7 32. Raa1 f5 33. Rac1 Rxc1
34. Rxc1 fxe4 35. Kxe4 Nc6 36. d5 exd5+ 37. Bxd5 Nxa5 38. Rc8+ Ke7 39. Rg8 Kf6
40. Rf8+ Kg5 41. Rf7 Rb6 42. Rxg7 Rxb2 43. Ke5 Re2+ 44. Kd4 Nc6+ 45. Kc5 Re5
46. Kd6 Re2 47. Rxb7 Nd4 48. Rb6 Nf5+ 49. Kd7 Rd2 50. Ke6 Ne3 51. Be4 Nxg2 52.
Ke5 Nh4 53. Rxa6 Rh2 54. Ra3 Nf5 55. Rf3 Kh4 56. Bxf5 gxf5 57. Kxf5 Rxh3 58.
Rxh3+ 1/2-1/2

[Event "Jack Taylor mem."]
[Site "Sidney CAN"]
[Date "2022.10.16"]
[Round "4.2"]
[White "Williamson, Jason"]
[Black "Liu, Zachary"]
[Result "0-1"]
[WhiteElo "1803"]
[BlackElo "1934"]
[PlyCount "68"]
[EventDate "2022.10.14"]
[EventType "swiss"]
[EventRounds "5"]
[EventCountry "CAN"]

1. e4 c5 2. Nf3 Nc6 3. d4 cxd4 4. Nxd4 Nf6 5. Nc3 e5 6. Ndb5 d6 7. Bg5 a6 8.
Na3 b5 9. Nd5 Be7 10. Bxf6 Bxf6 11. c3 O-O 12. Nc2 Rb8 13. Nce3 Bg5 14. h4 Bh6
15. g4 Bf4 16. Nxf4 exf4 17. Nd5 Re8 18. f3 Ne5 19. Be2 Bb7 20. Qd2 Bxd5 21.
Qxd5 Qb6 22. Qd4 d5 23. Qxb6 Rxb6 24. exd5 Nd3+ 25. Kd2 Nxb2 26. Rab1 Na4 27.
Bd1 Rd6 28. c4 Nb6 29. Kc3 Rc8 30. Re1 Nxd5+ 31. Kd4 Rxc4+ 32. Kd3 Nc3+ 33. Kc2
Nxd1+ 34. Kb3 Rd3# 0-1

[Event "Jack Taylor mem."]
[Site "Sidney CAN"]
[Date "2022.10.16"]
[Round "4.3"]
[White "Wang, Ted"]
[Black "Yang, Jingyun (Ryan)"]
[Result "0-1"]
[WhiteElo "1916"]
[BlackElo "2247"]
[PlyCount "88"]
[EventDate "2022.10.14"]
[EventType "swiss"]
[EventRounds "5"]
[EventCountry "CAN"]

1. e4 Nf6 2. e5 Nd5 3. c4 Nb6 4. d4 d6 5. exd6 cxd6 6. Nc3 g6 7. Be3 Bg7 8. Rc1
O-O 9. b3 Nc6 10. Be2 f5 11. f4 e5 12. dxe5 dxe5 13. Qxd8 Rxd8 14. c5 exf4 15.
Bxf4 Bxc3+ 16. Rxc3 Nd5 17. Bc4 Be6 18. Bxd5 Bxd5 19. Nf3 Nb4 20. Kf2 Nxa2 21.
Rd3 Nb4 22. Re3 Bxf3 23. Kxf3 Nd5 24. Re6 Nxf4 25. Kxf4 Rd4+ 26. Ke3 Rad8 27.
Re8+ Rxe8+ 28. Kxd4 Kf7 29. Ra1 Rd8+ 30. Kc3 a6 31. b4 Ke6 32. Re1+ Kf6 33. Re2
g5 34. Kc4 Rd7 35. g3 f4 36. g4 Re7 37. Rf2 Re4+ 38. Kc3 Ke5 39. Rf1 Re2 40. h3
Ke4 41. Kc4 f3 42. Kc3 Ke3 43. Rh1 f2 44. Rf1 Re1 0-1

[Event "Jack Taylor mem."]
[Site "Sidney CAN"]
[Date "2022.10.16"]
[Round "5.1"]
[White "Liu, Zachary"]
[Black "Zhu, Brandon"]
[Result "1/2-1/2"]
[WhiteElo "1934"]
[BlackElo "2088"]
[PlyCount "80"]
[EventDate "2022.10.14"]
[EventType "swiss"]
[EventRounds "5"]
[EventCountry "CAN"]

1. e4 d6 2. d4 Nf6 3. Nc3 e5 4. Nf3 Nbd7 5. Bc4 Be7 6. O-O O-O 7. Re1 a6 8. a4
b6 9. Bg5 Bb7 10. d5 Nh5 11. Be3 g6 12. Bh6 Ng7 13. Bf1 Nf6 14. h3 Kh8 15. g3
Ng8 16. Bd2 Bc8 17. Nh2 Bg5 18. f4 exf4 19. gxf4 Bh4 20. Re2 f5 21. e5 Nh5 22.
Bg2 Qe7 23. Nf3 Bg3 24. Qc1 Qg7 25. b4 Ne7 26. Be3 dxe5 27. fxe5 f4 28. Bd4 Nf5
29. Qd2 Nxd4 30. Qxd4 Bf5 31. Ne4 b5 32. a5 Rad8 33. Nc5 c6 34. d6 Rfe8 35. Ne1
f3 36. Nxf3 Nf4 37. Re3 Nd5 38. Re2 Nf4 39. Re3 Nd5 40. Re2 Nf4 1/2-1/2

[Event "Jack Taylor mem."]
[Site "Sidney CAN"]
[Date "2022.10.16"]
[Round "5.3"]
[White "Aljo, Johan"]
[Black "McLaren, Brian"]
[Result "1-0"]
[WhiteElo "1666"]
[BlackElo "2044"]
[PlyCount "71"]
[EventDate "2022.10.14"]
[EventType "swiss"]
[EventRounds "5"]
[EventCountry "CAN"]

1. d4 d5 2. c4 e6 3. Nf3 c6 4. g3 dxc4 5. Bg2 b5 6. O-O Bb7 7. a4 Nd7 8. b3
cxb3 9. Qxb3 a6 10. Rd1 Ngf6 11. Bg5 Qb6 12. Bxf6 Nxf6 13. Ne5 Be7 14. Ra2 O-O
15. Rc2 Rfc8 16. Nc3 Rab8 17. Ne4 Rc7 18. Nc5 Bc8 19. a5 Qxa5 20. Nxc6 Rxc6 21.
Bxc6 Qb6 22. Bf3 Nd7 23. Rdc1 Qd8 24. e3 Nxc5 25. dxc5 Qc7 26. Qd3 g6 27. Qe4
Bb7 28. c6 Bc8 29. Rd2 b4 30. Rcd1 Bf6 31. Qf4 Qxf4 32. gxf4 b3 33. c7 Rb4 34.
Rd8+ Kg7 35. Rxc8 Rc4 36. Rb8 1-0

[Event "Jack Taylor mem."]
[Site "Sidney CAN"]
[Date "2022.10.16"]
[Round "5.3"]
[White "Yang, Jingyun (Ryan)"]
[Black "Xu, Andrew"]
[Result "1-0"]
[WhiteElo "2247"]
[BlackElo "1976"]
[PlyCount "93"]
[EventDate "2022.10.14"]
[EventType "swiss"]
[EventRounds "5"]
[EventCountry "CAN"]

1. Nf3 Nf6 2. g3 g6 3. Bg2 Bg7 4. O-O d5 5. d3 O-O 6. Nbd2 Re8 7. c4 c6 8. Qc2
h6 9. b3 Be6 10. Bb2 Qc8 11. Rfe1 Bh3 12. Bh1 Nbd7 13. Ne5 Nxe5 14. Bxe5 Qf5
15. Nf3 Bg4 16. Qb2 Nh5 17. Bxg7 Nxg7 18. Ne5 Rad8 19. cxd5 cxd5 20. e4 Qf6 21.
exd5 Bf5 22. Qd4 a6 23. Qb4 Bc8 24. Rac1 Nf5 25. d4 Qd6 26. Qd2 h5 27. Rc5 Kg7
28. Rec1 Qf6 29. Rc7 Nd6 30. a4 Rh8 31. h4 Kh7 32. Qg5 Qxg5 33. hxg5 Rde8 34.
Nc4 Nf5 35. Nb6 Nd6 36. Re1 Nf5 37. d6 Nxd6 38. Rexe7 Rxe7 39. Rxe7 Kg7 40.
Nxc8 Rxc8 41. Bxb7 Rc3 42. Bd5 Rd3 43. Rd7 Nf5 44. Rxf7+ Kh8 45. Be4 Rd1+ 46.
Kg2 Nxd4 47. Bxg6 1-0

[Event "Jack Taylor mem."]
[Site "Sidney CAN"]
[Date "2022.10.16"]
[Round "5.4"]
[White "Wu, Nathan"]
[Black "Williamson, Jason"]
[Result "0-1"]
[WhiteElo "1848"]
[BlackElo "1803"]
[PlyCount "99"]
[EventDate "2022.10.14"]
[EventType "swiss"]
[EventRounds "5"]
[EventCountry "CAN"]

1. d4 Nf6 2. Nc3 e6 3. Bf4 Bb4 4. Qd3 b6 5. a3 Ba6 6. Qf3 Bxc3+ 7. bxc3 d5 8.
e3 Bxf1 9. Kxf1 Ne4 10. Qg4 g5 11. Be5 h5 12. Qe2 f6 13. f3 fxe5 14. fxe4 Nd7
15. exd5 exd5 16. Ke1 Qf6 17. Kd2 c5 18. Kc1 Kd8 19. Qf3 Qd6 20. Ne2 Kc7 21.
Kb2 Raf8 22. Qg3 h4 23. Qe1 Nf6 24. c4 exd4 25. exd4 Re8 26. Qf2 Ng4 27. Qf3
Ne3 28. Nc3 Nxc4+ 29. Ka2 Kc6 30. dxc5 Qxc5 31. Na4 Qe3 32. Qf6+ Re6 33. Qc3
Rhe8 34. Rhd1 Qxc3 35. Nxc3 Rd6 36. Rd3 d4 37. Rad1 dxc3 38. Kb3 Rxd3 39. Rxd3
b5 40. a4 a6 41. axb5+ axb5 42. g3 Re3 43. gxh4 gxh4 44. Rxc3 Rxc3+ 45. Kxc3
Kc5 46. Kb3 Nd2+ 47. Ka2 Nf3 48. h3 Ng1 49. Kb3 Nxh3 50. c3 0-1

[Event "Jay Khedkar mem."]
[Site "Winnipeg CAN"]
[Date "2022.11.01"]
[Round "1.1"]
[White "Jodar, Marlon"]
[Black "Skop, Mike"]
[Result "1-0"]
[WhiteElo "2310"]
[BlackElo "1645"]
[Annotator "aboro"]
[PlyCount "77"]
[EventDate "2022.11.01"]
[EventType "swiss"]
[EventRounds "5"]
[EventCountry "CAN"]

1. e4 c6 2. d4 Na6 3. Nf3 Nc7 4. c4 g6 5. Nc3 Nh6 6. Bf4 f6 7. Qd2 Nf7 8. Be2
Bg7 9. d5 d6 10. h3 e5 11. dxe6 Nxe6 12. Be3 O-O 13. O-O Qe7 14. b4 Neg5 15.
Nxg5 fxg5 16. Bd4 Bxd4 17. Qxd4 Qe5 18. Rad1 Be6 19. a3 Rad8 20. Rd2 Qf4 21. g3
Qe5 22. Kg2 Qxd4 23. Rxd4 Ne5 24. f4 gxf4 25. gxf4 Nf7 26. Rfd1 c5 27. R4d2
cxb4 28. axb4 Rc8 29. Nd5 Kg7 30. h4 Nh6 31. Kg3 b5 32. cxb5 Bxd5 33. Rxd5 Rc3+
34. R1d3 Rc4 35. Re3 Rxb4 36. Rxd6 Rf7 37. Kf3 Re7 38. Bd3 Nf7 39. Rd5 1-0

[Event "Jay Khedkar mem."]
[Site "Winnipeg CAN"]
[Date "2022.11.01"]
[Round "1.2"]
[White "Aiello, Pietro"]
[Black "Odugbesan, Michael (Adedapo)"]
[Result "0-1"]
[WhiteElo "1613"]
[BlackElo "2228"]
[Annotator "aboro"]
[PlyCount "56"]
[EventDate "2022.11.01"]
[EventType "swiss"]
[EventRounds "5"]
[EventCountry "CAN"]

1. e4 c5 2. Nf3 d6 3. Bc4 e6 4. Nc3 a6 5. a4 Nf6 6. Qe2 Nc6 7. d3 Be7 8. Be3 d5
9. e5 Nd7 10. Nxd5 exd5 11. Bxd5 Ndxe5 12. c4 Nxf3+ 13. Qxf3 O-O 14. O-O Qc7
15. Bf4 Bd6 16. Bxd6 Qxd6 17. Rfe1 Bd7 18. Re4 Nd4 19. Qh5 Rab8 20. b4 Qg6 21.
Qd1 Bf5 22. Re7 cxb4 23. Rb1 a5 24. Be4 b6 25. Bxf5 Qxf5 26. Re4 Rbd8 27. Re7
Rfe8 28. g4 Qf6 {and Black won in 40.} 0-1

[Event "Jay Khedkar mem."]
[Site "Winnipeg CAN"]
[Date "2022.11.01"]
[Round "1.3"]
[White "Baron, Gustav"]
[Black "Sharma, Rohit"]
[Result "1-0"]
[WhiteElo "2057"]
[BlackElo "1611"]
[Annotator "aboro"]
[PlyCount "106"]
[EventDate "2022.11.01"]
[EventType "swiss"]
[EventRounds "5"]
[EventCountry "CAN"]

1. e4 e6 2. d4 d5 3. exd5 exd5 4. c4 h6 5. Nc3 Nf6 6. Nf3 Bb4 7. Bf4 O-O 8. Be2
Ne4 9. Qb3 Bxc3+ 10. bxc3 c6 11. O-O b6 12. cxd5 cxd5 13. h3 Bb7 14. Rfd1 Qf6
15. Be5 Qc6 16. Rac1 Nd7 17. Bh2 a6 18. c4 Rfe8 19. cxd5 Qxd5 20. Bc4 Qf5 21.
Bd3 Qe6 22. Qxe6 Rxe6 23. Rc7 Bc6 24. Rxc6 Rae8 25. Rxe6 Rxe6 26. Bxa6 Ndf6 27.
d5 Re8 28. d6 Rd8 29. Ne5 Rxd6 30. Rc1 Rd2 31. f3 Nd6 32. Rb1 Rxa2 33. Rxb6
Nfe8 34. Bd3 Rd2 35. Bb1 f6 36. Nd3 Nc4 37. Rb8 Kf7 38. Bf4 Rd1+ 39. Kh2 g5 40.
Ba2 gxf4 41. Bxc4+ Ke7 42. Rb7+ Kd6 43. Nxf4 Rd4 44. Bf7 Rxf4 45. Bxe8 Rc4 46.
g4 Ke5 47. Kg3 Rc1 48. f4+ Ke4 49. Bg6+ Ke3 50. Re7+ Kd4 51. Re6 f5 52. Bxf5
Rg1+ 53. Kf2 Rh1 {and White mated on move 80.} 1-0

[Event "Jay Khedkar mem."]
[Site "Winnipeg CAN"]
[Date "2022.11.01"]
[Round "1.4"]
[White "Stordeur, Jackson"]
[Black "Rutter, Blair"]
[Result "1-0"]
[WhiteElo "1589"]
[BlackElo "1900"]
[PlyCount "81"]
[EventDate "2022.11.01"]
[EventType "swiss"]
[EventRounds "5"]
[EventCountry "CAN"]

1. e4 e5 2. Nf3 d6 3. d4 exd4 4. Qxd4 Nc6 5. Bb5 Bd7 6. Bxc6 Bxc6 7. Nc3 Nf6 8.
Bg5 Be7 9. O-O-O O-O 10. h4 Ng4 11. Nd5 Bxd5 12. exd5 Nf6 13. Kb1 h6 14. Qf4
Qd7 15. Rd4 Rae8 16. g4 Nh7 17. Bxe7 Qxe7 18. g5 h5 19. a3 g6 20. Re1 Qd7 21.
Rde4 Rxe4 22. Qxe4 Rd8 23. Qd4 b6 24. Qc4 Nf8 25. Qe4 Qh3 26. Nd4 Nd7 27. Nc6
Rf8 28. Nxa7 Nc5 29. Qd4 Qf3 30. Nb5 c6 31. dxc6 Qxc6 32. Nc3 Ne6 33. Qf6 Qc4
34. Re4 Qc8 35. Nd5 Qd7 36. Qc3 Qd8 37. Nf6+ Kg7 38. Nxh5+ Kh7 39. Rxe6 f6 40.
Nxf6+ Rxf6 41. Qxf6 1-0